| 000 | 00897nam a2200241Ia 4500 | ||
|---|---|---|---|
| 003 | OSt | ||
| 005 | 20211117150507.0 | ||
| 008 | 210310s1971 fr fr 000 0 fre d | ||
| 040 |
_aCO-JMCR _cCO-JMCR |
||
| 041 | 0 | _afre | |
| 082 | 0 | 4 |
_a338.918 / _bL222l _223 |
| 100 | 1 |
_aLambert, Denis-Clair, _918360 _eautor |
|
| 245 | 1 | 0 |
_aL'Amérique latine : _béconomies et sociétés / _cDenis Clair Lambert, Jean-Marine Martin |
| 260 |
_aParis : _bLibrairie Armand Colin, _c1971 |
||
| 300 |
_a411 páginas ; _c18 cm. |
||
| 490 | 0 | _aCollection U., Série Sciences économiques et gestion | |
| 500 | _aIncluye notas a pie de página. | ||
| 505 | 0 | _aUnité et diversité -- Les blocages de développement | |
| 651 | 4 |
_aAmérica Latina _xCondiciones económicas _y1945 _941571 |
|
| 651 | 4 |
_aAmérica Latina _xCondiciones sociales _941572 |
|
| 700 | 1 |
_aMartin, Jean-Marine, _eautor _941573 |
|
| 942 |
_2ddc _cBK |
||
| 999 |
_c8815 _d8815 |
||